[Event "Roskilde op"]
[Site "Roskilde"]
[Date "1998.??.??"]
[Round "1"]
[White "Nielsen, Morten"]
[Black "Nielsen, Peter Heine"]
[Result "0-1"]
[WhiteElo "2150"]
[BlackElo "2505"]

1.e4 c5 2.Nf3 e6 3.d4 cxd4 4.Nxd4 Nf6 5.Nc3 d6 6.g3 Be7 7.Bg2 O-O 8.O-O Bd7
9.Be3 Nc6 10.f4 Nxd4 11.Bxd4 Bc6 12.f5 e5 13.Be3 b5 14.a3 a5 15.Qe2 Qc8 16.Bg5 b4
17.Bxf6 Bxf6 18.Nd5 Bxd5 19.exd5 e4 20.axb4 axb4 21.Rxa8 Qc5+ 22.Kh1 Rxa8
23.Bxe4 Bxb2 24.g4 Bf6 25.Qf2 Qc4 26.Qg2 h6 27.Bd3 Qc3 28.Rb1 Be5 29.Qe4 f6
30.Qe2 Kf8 31.Qe1 Qd4 32.Qe4 Qf2 33.Qg2 Qh4 34.Kg1 h5 35.h3 Re8 36.Kf1 Bd4
37.Be2 hxg4 38.hxg4 Bc5 39.Bf3 Re3 40.Rd1 Kg8 41.Ra1 Kh7 42.Qh1 Qxh1+ 43.Bxh1 Kh6
44.Re1 Rg3 45.Ke2 Rxg4 46.Bf3 Rg3 47.Rh1+ Kg5 48.Rh5+ Kf4 49.Rh4+ Kxf5 50.Re4 g5
51.Re7 g4 52.Be4+ Kf4  0-1

[Event "Roskilde op"]
[Site "Roskilde"]
[Date "1998.??.??"]
[Round "2"]
[White "Nielsen, Peter Heine"]
[Black "Andreasen, Per"]
[Result "1-0"]
[WhiteElo "2505"]
[BlackElo "2290"]

1.d4 c5 2.e4 g6 3.Nf3 Bg7 4.Nc3 cxd4 5.Nxd4 Nc6 6.Be3 Nf6 7.Bc4 O-O 8.Bb3 Ng4
9.Qxg4 Nxd4 10.Qh4 d6 11.O-O Be6 12.Rad1 Nxb3 13.axb3 Rc8 14.Bh6 Rc5 15.Bxg7 Kxg7
16.Rd4 f6 17.Qg3 b5 18.b4 Rc4 19.Rxc4 Bxc4 20.Ra1 Qc7 21.Qe3 Ra8 22.h4 a6
23.Nd5 Qb7 24.Nb6 Rb8 25.Nxc4 bxc4 26.c3 Qb6 27.Qh3 Kf7 28.h5 g5 29.Qf5 Kg7
30.Qe6  1-0

[Event "Roskilde op"]
[Site "Roskilde"]
[Date "1998.??.??"]
[Round "4"]
[White "Nielsen, Peter Heine"]
[Black "Schandorff, Lars"]
[Result "1/2-1/2"]
[WhiteElo "2505"]
[BlackElo "2525"]

1.c4 c5 2.Nf3 Nc6 3.Nc3 Nd4 4.g3 Nxf3+ 5.exf3 Nf6 6.Bg2 g6 7.O-O Bg7 8.d4 cxd4
9.Qxd4 O-O 10.f4 d6 11.Bd2 Bf5 12.Qe3 Qd7 13.Rfe1 Rfe8 14.Qf3 Rab8 15.Rac1 a6
16.b3 e5 17.fxe5 dxe5 18.Bg5 Qe6  1/2-1/2

[Event "Roskilde op"]
[Site "Roskilde"]
[Date "1998.??.??"]
[Round "8"]
[White "Nielsen, Peter Heine"]
[Black "Hoi, Carsten"]
[Result "1-0"]
[WhiteElo "2505"]
[BlackElo "2430"]

1.d4 Nf6 2.Nf3 e6 3.c4 c5 4.Nc3 d5 5.cxd5 Nxd5 6.e4 Nxc3 7.bxc3 Be7 8.Bd3 O-O
9.O-O b6 10.Qe2 Bb7 11.Bb2 Nd7 12.Rad1 Qc7 13.e5 Rac8 14.Bc1 cxd4 15.cxd4 Rfd8
16.Ng5 Nf8 17.Qg4 Qd7 18.Be3 Qa4 19.h4 Ba6 20.Bxa6 Qxa6 21.h5 Rc2 22.Ne4 Qe2
23.Qh3 Qc4 24.Qg3 Qe2 25.Qh3 Qc4 26.Rfe1 Rxa2 27.h6 g6 28.Qf3 Nd7 29.Bg5 Ra3
30.Qf4  1-0

[Event "Rilton Cup 9899"]
[Site "Stockholm"]
[Date "1999.01.05"]
[Round "8"]
[White "Brynell, Stellan"]
[Black "Nielsen, Peter Heine"]
[Result "1/2-1/2"]
[WhiteElo "2485"]
[BlackElo "2515"]

1.e4 e5 2.Nf3 Nf6 3.d4 Nxe4 4.Bd3 d5 5.Nxe5 Nd7 6.Nxd7 Bxd7 7.O-O Bd6 8.c4 c6
9.cxd5 cxd5 10.Nc3 Nxc3 11.bxc3 O-O 12.Qh5 f5  1/2-1/2

[Event "Troll Masters"]
[Site "Gausdal"]
[Date "1999.01.11"]
[Round "4"]
[White "Borge, Nikolaj"]
[Black "Nielsen, Peter Heine"]
[Result "1/2-1/2"]
[WhiteElo "2455"]
[BlackElo "2515"]

1.e4 e6 2.d4 d5 3.Nd2 c5 4.Ngf3 Nc6 5.exd5 exd5 6.Bb5 cxd4 7.O-O Bd6 8.Re1+ Ne7
9.Nxd4 O-O 10.N2b3 Qc7  1/2-1/2

[Event "Troll Masters"]
[Site "Gausdal"]
[Date "1999.01.12"]
[Round "6"]
[White "Hansen, Sune Berg"]
[Black "Nielsen, Peter Heine"]
[Result "1/2-1/2"]
[WhiteElo "2520"]
[BlackElo "2515"]

1.e4 d5 2.exd5 Qxd5 3.Nc3 Qa5 4.Nf3 Nf6 5.h3 c6 6.Bd3 Na6 7.O-O Nb4 8.Bc4 Bf5
9.d3 e6 10.Qe2 Qc7 11.Ne4 O-O-O 12.Nh4 Bg6 13.Nxg6 hxg6 14.Re1 Kb8 15.a3 Nbd5
16.Qf3 Ka8 17.Bb3  1/2-1/2

[Event "Troll Masters"]
[Site "Gausdal"]
[Date "1999.01.13"]
[Round "7"]
[White "Nielsen, Peter Heine"]
[Black "Ornstein, Axel"]
[Result "1/2-1/2"]
[WhiteElo "2515"]
[BlackElo "2425"]

1.d4 d5 2.c4 c6 3.Nc3 Nf6 4.Nf3 e6 5.Bg5 dxc4 6.e4 b5 7.e5 h6 8.Bh4 g5 9.Nxg5 hxg5
10.Bxg5 Nbd7 11.g3 Bb7 12.Bg2 Qb6 13.exf6 O-O-O 14.O-O Bh6 15.Bxh6 Rxh6 16.Ne4 c5
17.Qf3 Nxf6 18.dxc5 Bxe4 19.cxb6 Bxf3 20.Bxf3 axb6 21.a4 Rd3 22.Bc6 b4 23.Rfc1 c3
24.bxc3 b3 25.Rab1 Ng4 26.Rxb3 Rd2 27.Rf1 Kc7 28.Bg2 Rxh2 29.a5 bxa5 30.Rb7+ Kd6
31.Rxf7 Rxg2+ 32.Kxg2 Ne3+ 33.Kg1 Nxf1 34.Kxf1 Rc2 35.Ra7 Rxc3 36.Rxa5 Ke7
37.Kg2 Kf6 38.f4 Rb3 39.Kh3 Rc3 40.Kh4 Rc4 41.Kh5 Rc1 42.Kg4 Rc4 43.Re5 Rc3
44.Ra5  1/2-1/2

[Event "Aars get2net Cup GM"]
[Site "Aars"]
[Date "1999.10.18"]
[Round "3"]
[White "Nielsen, Peter Heine"]
[Black "Grabov, Steen"]
[Result "1-0"]
[WhiteElo "2560"]
[BlackElo "2259"]

1.d4 d5 2.c4 e6 3.Nf3 Nf6 4.Nc3 Be7 5.g3 b6 6.cxd5 exd5 7.Qa4+ Bd7 8.Qb3 Be6
9.Ng5 O-O 10.Nxe6 fxe6 11.Bh3 Qd7 12.e4 c6 13.O-O Na6 14.Re1 Nc7 15.Bf4 Kh8
16.Bxc7 Qxc7 17.e5 Ne4 18.Nxe4 dxe4 19.Qxe6 Rad8 20.Rxe4 Rfe8 21.Qb3 c5 22.d5 Qb7
23.Rd1 Bf6 24.f4 g5 25.Bg2 Bg7 26.d6 gxf4 27.gxf4 Rg8 28.Qd5 Qa6 29.e6 Bd4+
30.Rexd4 Rxg2+ 31.Kxg2 Rg8+ 32.Kh1 cxd4 33.Qxd4+ Rg7 34.d7 Qb7+ 35.Qd5  1-0

[Event "Aars get2net Cup GM"]
[Site "Aars"]
[Date "1999.10.21"]
[Round "6"]
[White "Nielsen, Peter Heine"]
[Black "Fyllingen, Roy Harald"]
[Result "1/2-1/2"]
[WhiteElo "2560"]
[BlackElo "2410"]

1.Nf3 Nf6 2.c4 e6 3.g3 d5 4.Bg2 d4 5.O-O Nc6 6.e3 e5 7.a3 a5 8.exd4 exd4
9.d3 Be7 10.Bg5 O-O 11.Nbd2 h6 12.Bxf6 Bxf6 13.Ne1 a4 14.Ne4 Be7 15.f4 Ra5
16.Nf3 Be6 17.Qd2 b6 18.Rae1 Qd7 19.Re2 f5 20.Nf2 Bf6 21.Qc2  1/2-1/2

[Event "Aars get2net Cup GM"]
[Site "Aars"]
[Date "1999.10.22"]
[Round "7"]
[White "Mortensen, Erling"]
[Black "Nielsen, Peter Heine"]
[Result "0-1"]
[WhiteElo "2445"]
[BlackElo "2560"]

1.g3 c5 2.Bg2 g6 3.e4 Bg7 4.f4 Nc6 5.Nf3 d6 6.O-O e6 7.c3 Nge7 8.Na3 O-O
9.d3 Rb8 10.Nc2 b5 11.d4 b4 12.dxc5 bxc3 13.bxc3 dxc5 14.Qe1 Qd3 15.Qf2 Bxc3
16.Be3 Bxa1 17.Rxa1 Rb2 18.Nfe1 Qc3 19.Bxc5 Rd8 20.Ba3 Rxc2 21.Nxc2 Rd2 22.Qc5 Qxc5+
23.Bxc5 Rxc2  0-1

[Event "Aars get2net Cup GM"]
[Site "Aars"]
[Date "1999.10.23"]
[Round "8"]
[White "Nielsen, Peter Heine"]
[Black "Holst, Allan"]
[Result "1-0"]
[WhiteElo "2560"]
[BlackElo "2406"]

1.d4 e6 2.e4 d5 3.Nc3 Nf6 4.e5 Nfd7 5.f4 c5 6.Nf3 Nc6 7.Be3 cxd4 8.Nxd4 Bc5
9.Qd2 Bxd4 10.Bxd4 Nxd4 11.Qxd4 Qb6 12.Qd2 Qxb2 13.Rb1 Qa3 14.Nb5 Qc5 15.Nd6+ Ke7
16.Rb5 Qa3 17.c4 d4 18.Rb3 Qc5 19.Ne4 Qc6 20.Qb4+ Kd8 21.Bd3 Rf8 22.O-O b6
23.Nd6 Nc5 24.Be4 Nxe4 25.Nxe4 Rg8 26.Nd6 Qc5 27.Qa4 Kc7 28.Rb5 Qc6 29.c5 Bb7
30.Rf2 a6 31.Rb4 b5 32.Qd1 d3 33.Qxd3 Qxc5 34.Rd4 Qc1+ 35.Rf1 Qc5 36.Qe3 Bc6
37.Rc1 Qb6 38.a4 Rac8 39.Nxc8 Rxc8 40.Rd7+  1-0

[Event "Aars get2net Cup GM"]
[Site "Aars"]
[Date "1999.10.24"]
[Round "9"]
[White "Ostenstad, Berge"]
[Black "Nielsen, Peter Heine"]
[Result "1/2-1/2"]
[WhiteElo "2446"]
[BlackElo "2560"]

1.d4 Nf6 2.c4 e6 3.Nc3 Bb4 4.Qc2 O-O 5.a3 Bxc3+ 6.Qxc3 Ne4 7.Qc2 f5 8.Nh3 d6
9.f3 Nf6 10.e3 e5 11.dxe5 dxe5 12.Nf2 Qe7 13.Be2 c5 14.O-O Nc6 15.Bd3 g6  1/2-1/2

[Event "NOR-ch op"]
[Site "Gausdal"]
[Date "1999.??.??"]
[Round "3"]
[White "Nordahl, Helge"]
[Black "Nielsen, Peter Heine"]
[Result "0-1"]
[WhiteElo "2247"]
[BlackElo "2515"]

1.d4 e6 2.c4 f5 3.g3 Nf6 4.Bg2 c6 5.Nf3 d5 6.O-O Bd6 7.b3 Qe7 8.Bb2 b6 9.Ne5 Bb7
10.Nd2 O-O 11.Rc1 a5 12.Qc2 Na6 13.f3 c5 14.e4 cxd4 15.Bxd4 Bc5 16.Qb2 dxe4
17.fxe4 Rad8 18.Bxc5 Qxc5+ 19.Kh1 fxe4 20.Rfd1 Rd4 21.Nf1 Rfd8 22.Rxd4 Rxd4
23.Qa1 Nb8 24.Ne3 Qxe5 25.Nc2 Nc6 26.Nxd4 Qxd4 27.Qxd4 Nxd4 28.c5 b5 29.a3 Nxb3
30.c6 Nxc1 31.cxb7 Nd7 32.Bxe4 Nb8 33.Kg2 b4 34.axb4 a4  0-1

[Event "NOR-ch op"]
[Site "Gausdal"]
[Date "1999.??.??"]
[Round "4"]
[White "Nielsen, Peter Heine"]
[Black "Johnsen, Sverre"]
[Result "1-0"]
[WhiteElo "2515"]
[BlackElo "2214"]

1.d4 d5 2.c4 e5 3.dxe5 d4 4.Nf3 Nc6 5.g3 Be6 6.Bg2 f6 7.O-O fxe5 8.Qb3 Qd7
9.Qxb7 Rb8 10.Nxe5 Rxb7 11.Bxc6 Qxc6 12.Nxc6 Bc5 13.Rd1 Bxc4 14.Nxd4 Ne7
15.b3 Bxd4 16.Rxd4 Bxe2 17.Ba3 c5 18.Bxc5 O-O 19.Nc3 Bf3 20.Re1 Rc8 21.Bxe7 Rxc3
22.Rd8+ Kf7 23.Rf8+ Kg6 24.Re6+ Kh5 25.Rf5+ Kg4 26.Rf4+ Kh5 27.Rh4+  1-0

[Event "NOR-ch op"]
[Site "Gausdal"]
[Date "1999.??.??"]
[Round "5"]
[White "Froehlich, Peter"]
[Black "Nielsen, Peter Heine"]
[Result "0-1"]
[WhiteElo "2290"]
[BlackElo "2515"]

1.e3 g6 2.d4 Bg7 3.c4 Nf6 4.Nc3 O-O 5.Nf3 c5 6.Be2 cxd4 7.Nxd4 d5 8.cxd5 Nxd5
9.Nxd5 Qxd5 10.O-O Rd8 11.Bf3 Qd6 12.Qe2 Nd7 13.Nb5 Qb6 14.Rd1 Ne5 15.Rxd8+ Qxd8
16.e4 Be6 17.Nc3 Bc4 18.Qd1 e6 19.Be3 Nd3 20.Qc2 Qa5 21.Rd1 Ne5 22.Be2 Rc8
23.Bd4 Bxe2 24.Qxe2 Rd8 25.Bxe5 Rxd1+ 26.Nxd1 Bxe5 27.b3 Bd4 28.g3 Kf8 29.Kg2 Ke7
30.Qd3 Qc5 31.Qd2 g5 32.f3 h6 33.Nb2 a5 34.Nd3 Qb5 35.Qc2 Bb6 36.a4 Qd7 37.Qc4 Qd6
38.Qc3 h5 39.Qc4 e5 40.Qc3 f6 41.b4 axb4 42.Nxb4 Ba5 43.Nc6+ Qxc6 44.Qxa5 Qc2+
45.Kf1 Qd1+ 46.Kf2 Qd4+ 47.Kf1 b6 48.Qa7+ Kd6 49.Qb8+ Kc5 50.Qc7+ Kb4 51.Qe7+ Kxa4
52.Qxf6 g4 53.fxg4 hxg4 54.Qf5 b5 55.Qxg4 b4 56.Qe2 b3 57.Qa6+ Kb4 58.Qb7+ Kc3
59.Ke2 b2  0-1

[Event "NOR-ch op"]
[Site "Gausdal"]
[Date "1999.??.??"]
[Round "9"]
[White "Bae, Torstein"]
[Black "Nielsen, Peter Heine"]
[Result "0-1"]
[WhiteElo "2194"]
[BlackElo "2515"]

1.d4 Nf6 2.c4 g6 3.Nc3 Bg7 4.e4 O-O 5.f3 d6 6.Bg5 a6 7.Qd2 c5 8.d5 b5 9.cxb5 Qa5
10.Bh6 Bxh6 11.Qxh6 Nbd7 12.bxa6 Ne5 13.Qd2 Bxa6 14.f4 Nc4 15.Bxc4 Bxc4 16.Rd1 e6
17.dxe6 fxe6 18.Nge2 d5 19.e5 Bxe2 20.Kxe2 Nh5 21.g3 d4 22.Ne4 Qb5+ 23.Kf3 Rxa2
24.Rb1 Qb3+ 25.Kg4 Qd5 26.Rhe1 c4 27.Qb4 c3 28.bxc3 dxc3 29.Nxc3 Nf6+ 30.Kg5 h6+
31.Kxg6 Qd8  0-1

[Event "SWE-chT 9899"]
[Site "Sweden"]
[Date "1999.??.??"]
[Round "7"]
[White "Nielsen, Peter Heine"]
[Black "Ahlander, Bjorn"]
[Result "1-0"]
[WhiteElo "2505"]
[BlackElo "2410"]

1.d4 d5 2.c4 e6 3.Nf3 c6 4.Qc2 Nf6 5.Bg5 Nbd7 6.e3 Bb4+ 7.Nbd2 h6 8.Bh4 g5
9.Bg3 Ne4 10.O-O-O Nxg3 11.hxg3 g4 12.Ne1 Nf6 13.Nd3 Bd6 14.Kb1 Bd7 15.c5 Bc7
16.Ne5 Bxe5 17.dxe5 Ng8 18.Rh5 f5 19.f4 gxf3 20.gxf3 Qe7 21.f4 Rh7 22.Be2 Rg7
23.Rh3 O-O-O 24.Nb3 Kb8 25.Rd4 Rc8 26.Ra4 Rc7 27.Qc3 b5 28.cxb6 axb6 29.Rb4 Rb7
30.Ba6 Qd8 31.Bxb7 Kxb7 32.Nc5+ Kc7 33.Rxb6  1-0

[Event "Oz.com qualifier blitz"]
[Site "Internet ICC"]
[Date "2000.03.05"]
[Round "2"]
[White "Zenin,D"]
[Black "Nielsen,PH"]
[Result "0-1"]
[WhiteElo "2381"]
[BlackElo "2564"]

1.d4 Nf6 2.c4 e6 3.Nc3 Bb4 4.e3 O-O 5.Bd3 d5 6.Nf3 c5 7.O-O Nc6 8.a3 Bxc3
9.bxc3 Qc7 10.cxd5 exd5 11.a4 Re8 12.Bb2 c4 13.Bc2 Ne4 14.Nd2 Bf5 15.Nxe4 Bxe4
16.Bxe4 Rxe4 17.Bc1 Rae8 18.f3 R4e7 19.Qc2 Na5 20.Bd2 Nb3 21.Rae1 Qd7 22.e4 dxe4
23.fxe4 Nxd2 24.Qxd2 Rxe4 25.Rxe4 Rxe4 26.Qg5 h6 27.Qc5 Qxa4 28.Qc8+ Qe8
29.Qxc4 Re1 30.h3 Qe3+ 31.Kh2 Rxf1 32.Qxf1 Qxc3 33.Qf4 Qc8 34.d5 a5 35.Qe5 f6
36.Qe7 Qf8 37.Qxb7 Qd6+ 38.Kh1 a4 39.Qa8+ Kh7 40.Qxa4 Qxd5 41.Qc2+ f5 42.Qc7 Qe6
43.Qf4 Kg6 44.Qg3+ Kf6 45.Qh4+ Kf7 46.Qd4 g5 47.Qc5 Kg6 48.Qd4 f4 49.Qd3+ Qf5
50.Qd6+ Kh5 51.Qc6 g4 52.hxg4+ Qxg4 53.Qe4 Qg5 54.Qf3+ Kg6 55.Qc6+ Qf6 56.Qe4+ Kg5
57.Qd5+ Qf5 58.Qf3 Qe5 59.Qd3 Qe3 60.Qd5+ Kh4 61.Kh2 Qg3+ 62.Kh1 Qg5 63.Qf3 Qg4
64.Qd5 Kg3 65.Qd3+ Kf2 66.Qd2+ Kf1 67.Qc1+ Ke2 68.Qc2+ Ke3 69.Qc3+ Kf2 70.Qd2+ Kf1
71.Qc1+ Ke2 72.Qc2+ Ke3 73.Qc3+ Ke4 74.Qc4+ Kf5 75.Qd5+ Kf6 76.Qd6+ Kg5 77.Qd5+ Qf5
78.Qc6 h5 79.Kh2 Qe5 80.Kh1 h4 81.Qa8 Kg4 82.Qf3+ Kg5 83.Qa8 Kf5 84.Qc8+ Ke4
85.Qc2+ Ke3 86.Qc1+ Kf2 87.Qd2+ Kf1 88.Qc1+ Ke2 89.Qc2+ Ke3 90.Qb3+ Kf2 91.Qc2+ Qe2
92.Qc5+ Qe3 93.Qc2+ Kf1 94.Qd1+ Kf2 95.Qc2+ Qe2 96.Qc5+ Kg3 97.Qg5+ Qg4 98.Qe5 Qd1+  0-1

[Event "Oz.com qualifier blitz"]
[Site "Internet ICC"]
[Date "2000.03.05"]
[Round "3"]
[White "Nielsen,PH"]
[Black "Summerscale,A"]
[Result "0-1"]
[WhiteElo "2564"]
[BlackElo "2430"]

1.d4 f5 2.Nc3 d5 3.Bf4 c6 4.e3 Nf6 5.Nf3 g6 6.Bd3 Bg7 7.O-O Be6 8.Ng5 Bg8
9.Ne2 Nbd7 10.b3 h6 11.Nf3 Bf7 12.Ne5 Nxe5 13.Bxe5 O-O 14.c4 Rc8 15.Rc1 c5
16.dxc5 Rxc5 17.b4 Rc8 18.c5 Ne4 19.Bxg7 Kxg7 20.f4 Re8 21.Bxe4 dxe4 22.Qd4+ Qxd4
23.Nxd4 e5 24.fxe5 Rxe5 25.a3 a6 26.Rc3 Rd5 27.g3 Be8 28.Rd1 Kf6 29.Rdc1 Ke5
30.Kf2 Bb5 31.h4 Rcd8 32.Rd1 g5 33.Rcc1 f4 34.hxg5 fxe3+ 35.Kxe3 hxg5 36.c6 bxc6
37.Rc5 Rxc5 38.bxc5 Rd5 39.Rd2 Rxc5 40.Ne2 Bxe2 41.Kxe2 Rc3 42.g4 Rxa3 43.Rc2 Kf4
44.Rxc6 Ra2+ 45.Ke1 Kxg4  0-1

[Event "Oz.com qualifier blitz"]
[Site "Internet ICC"]
[Date "2000.03.05"]
[Round "4"]
[White "Szmetan,J"]
[Black "Nielsen,PH"]
[Result "1-0"]
[WhiteElo "2401"]
[BlackElo "2564"]

1.Nf3 Nf6 2.c4 e6 3.g3 d5 4.b3 Be7 5.Bg2 O-O 6.O-O c5 7.e3 b6 8.Qe2 Bb7 9.Rd1 Nc6
10.Bb2 Qc7 11.Nc3 a6 12.cxd5 exd5 13.d4 cxd4 14.Nxd4 Nxd4 15.Rxd4 Rfd8 16.Rad1 Bc5
17.R4d2 Bb4 18.Rc2 Qe7 19.Na4 Qe6 20.Rc7 Rab8 21.Bd4 b5 22.Nc5 Bxc5 23.Rxc5 Ne4
24.Rc7 Rdc8 25.Rdc1 b4 26.Qh5 Nc3 27.Rxc8+ Rxc8 28.Rc2 a5 29.Bh3 Qe4 30.Bxc8 Bxc8
31.Qe5 Ne2+ 32.Rxe2 Qb1+ 33.Kg2 Bh3+ 34.Kxh3 Qf1+  1-0

[Event "New York Open"]
[Site "New York USA"]
[Date "2000.05.05"]
[Round "1"]
[White "Vihinen,T"]
[Black "Nielsen,PH"]
[Result "0-1"]
[WhiteElo "2183"]
[BlackElo "2564"]

1.e4 e6 2.d4 d5 3.e5 c5 4.c3 Nc6 5.Nf3 Qb6 6.a3 Nh6 7.Be2 cxd4 8.Nxd4 Nxe5
9.b4 Nc6 10.Nf3 Nf5 11.O-O g6 12.a4 Bg7 13.b5 Ne5 14.Ba3 Nxf3+ 15.Bxf3 Nd6
16.Qb3 O-O 17.Nd2 Rd8 18.Rac1 Nf5 19.Bb4 a6 20.bxa6 Qxa6 21.a5 Bd7 22.Rfe1 Bb5
23.g3 Bh6 24.Qb2 Nd6 25.Rcd1 Ba4 26.Ra1 Qd3 27.Rxa4 Bxd2 28.Be2 Nc4 29.Qa2 Qe4  0-1

[Event "New York Open"]
[Site "New York USA"]
[Date "2000.05.08"]
[Round "6"]
[White "Wedberg,T"]
[Black "Nielsen,PH"]
[Result "0-1"]
[WhiteElo "2487"]
[BlackElo "2564"]

1.e4 e6 2.d4 d5 3.Nc3 Nf6 4.Bg5 dxe4 5.Nxe4 Be7 6.Bxf6 gxf6 7.Nf3 a6 8.Qd2 b5
9.Qh6 Bb7 10.Bd3 Nd7 11.O-O-O f5 12.Neg5 Bxg5+ 13.Nxg5 Qf6 14.Qh5 Qg6 15.Qh4 O-O-O
16.Rhg1 Rdg8 17.Nh3 Qg4 18.Qxg4 Rxg4 19.Be2 Rh4 20.Ng5 Rg8 21.Nf3 Re4 22.Bf1 Reg4
23.Rd3 Bxf3 24.Rxf3 Rxd4 25.Ra3 Kb7 26.g3 Kb6 27.Bg2 Nf6 28.Rd1 Rgd8 29.Rxd4 Rxd4
30.Re3 c5 31.c3 Rd8 32.Re2 Ng4 33.h3 Nf6 34.Rd2 Rxd2 35.Kxd2 c4 36.Ke3 Kc5
37.Kf4 h6 38.g4 fxg4 39.hxg4 a5 40.a3 Kd6 41.Bf1 Nd5+ 42.Ke4 Nb6  0-1

[Event "New York Open"]
[Site "New York USA"]
[Date "2000.05.11"]
[Round "9"]
[White "Dvoirys,S"]
[Black "Nielsen,PH"]
[Result "1/2-1/2"]
[WhiteElo "2591"]
[BlackElo "2564"]

1.e4 e6 2.d4 d5 3.Nc3 Nf6 4.e5 Nfd7 5.Nce2 c5 6.c3 cxd4 7.cxd4 f6 8.Nf4 Bb4+
9.Bd2 Qb6 10.Rc1 O-O 11.Bxb4 Qxb4+ 12.Qd2 Qe7 13.exf6 Nxf6 14.Nd3 Nc6 15.Nf3 Ne4
16.Qe3 Qd8 17.Be2 Qa5+ 18.b4 Nxb4 19.O-O Nc6 20.Rc2 Nd6 21.Nde5 Nf5 22.Qg5 Nxe5
23.dxe5 Bd7 24.Bd3 Bb5 25.Rc5 a6 26.Bxf5 Rxf5 27.Qe7 Rf7 28.Qxe6 Qd8 29.Rxd5 Qe8
30.Qxe8+ Rxe8 31.Re1 Bc6 32.Rd3 Bxf3 33.gxf3 Rf5 34.e6 Rf6 35.e7 Kf7 36.Rd7 b5
37.Ra7 Re6 38.Rxe6 Kxe6 39.Rxa6+ Kxe7 40.Kg2 b4 41.f4 Rb8  1/2-1/2

[Event "North Sea Cup"]
[Site "Esbjerg DEN"]
[Date "2000.07.11"]
[Round "5"]
[White "Hansen,LB"]
[Black "Nielsen,PH"]
[Result "1/2-1/2"]
[WhiteElo "2562"]
[BlackElo "2578"]

1.d4 Nf6 2.c4 e6 3.Nc3 Bb4 4.e3 O-O 5.Ne2 d5 6.a3 Be7 7.cxd5 Nxd5 8.Nxd5 exd5
9.g3 Nd7 10.Bg2 Nf6 11.Qc2 Re8 12.Bd2 Ne4 13.Nc3 Nxc3 14.bxc3 c6 15.c4 dxc4
16.Qxc4 Be6 17.Qc2 c5 18.O-O cxd4  1/2-1/2

[Event "It"]
[Site "Bergen NOR"]
[Date "2000.07.21"]
[Round "1"]
[White "Gabrielsen,S"]
[Black "Nielsen,PH"]
[Result "0-1"]
[WhiteElo "2305"]
[BlackElo "2578"]

1.e4 e6 2.d4 d5 3.Nc3 Nf6 4.e5 Nfd7 5.f4 c5 6.Nf3 Nc6 7.Be3 cxd4 8.Nxd4 Bc5
9.Qd2 O-O 10.O-O-O a6 11.h4 Nxd4 12.Bxd4 b5 13.Kb1 Bb7 14.Rh3 Bxd4 15.Qxd4 f6
16.exf6 Qxf6 17.Qxf6 Rxf6 18.g3 Nc5 19.Bg2 Re8 20.b4 Nd7 21.Ne4 dxe4 22.Rxd7 Bc8
23.Rd2 e5 24.f5 Bxf5 25.Rh1 Rc8 26.g4 e3 27.Re2 Bxg4 28.Rxe3 Bf5 29.Rc1 Kf8
30.Rxe5 Rc4 31.a3 Rxh4 32.Bb7 Rf4 33.Kb2 Rf2 34.Rc5 g5 35.Ra1 g4 36.a4 bxa4
37.Rxa4 g3 38.Ra1 Rb6 39.Bxa6 g2 40.Bc8 Rxb4+ 41.Kc3 Ra4  0-1

[Event "Open"]
[Site "Bergen NOR"]
[Date "2000.07.24"]
[Round "4"]
[White "Tiviakov,S"]
[Black "Nielsen,PH"]
[Result "1/2-1/2"]
[WhiteElo "2608"]
[BlackElo "2578"]

1.e4 e5 2.Nf3 Nf6 3.d4 Nxe4 4.Bd3 d5 5.Nxe5 Nd7 6.Nxd7 Bxd7 7.O-O Bd6 8.Qh5 Nf6
9.Qh4 Ne4 10.Qxd8+ Rxd8 11.f3 Nf6 12.Bg5 c6 13.Nc3 Kf8 14.Rae1 h6 15.Bxf6 gxf6
16.Nd1 Kg7 17.Ne3 Bf4 18.g3 Bxe3+ 19.Rxe3 Rhe8 20.Rfe1 Re6 21.Kf2 Rde8 22.Bf1 b6
23.R1e2 Kf8 24.Ra3 a5 25.Ree3 Rb8 26.Re1 Rxe1 27.Kxe1 Ke7 28.Kd2 Kd6 29.Bd3 Re8
30.Rb3 Kc7 31.Bf1 Rg8 32.Re3  1/2-1/2

[Event "Open"]
[Site "Bergen NOR"]
[Date "2000.07.27"]
[Round "7"]
[White "Nielsen,PH"]
[Black "Volzhin,A"]
[Result "1/2-1/2"]
[WhiteElo "2578"]
[BlackElo "2556"]

1.d4 Nf6 2.c4 e6 3.Nc3 Bb4 4.Qc2 O-O 5.a3 Bxc3+ 6.Qxc3 b6 7.Bg5 Ba6 8.e3 d6
9.Bd3 Nbd7 10.Qc2 h6 11.Bh4 c5 12.Ne2 Rc8 13.Qa4 Bb7 14.O-O Qc7 15.Nc3 a6
16.Rfc1 Bc6 17.Qd1 Qb7 18.d5 exd5 19.cxd5 Nxd5 20.Nxd5 Bxd5 21.Bxa6 Qxa6
22.Qxd5 b5 23.Be7 Rfe8 24.Qxd6 Qb7 25.Bh4 c4 26.Rd1  1/2-1/2

[Event "Open"]
[Site "Bergen NOR"]
[Date "2000.07.29"]
[Round "9"]
[White "Gausel,E"]
[Black "Nielsen,PH"]
[Result "1-0"]
[WhiteElo "2492"]
[BlackElo "2578"]

1.d4 Nf6 2.Nf3 d5 3.c4 e6 4.Nc3 Be7 5.Bg5 h6 6.Bh4 O-O 7.Rc1 Ne4 8.Bxe7 Qxe7
9.Qc2 Nxc3 10.Qxc3 c6 11.e3 Nd7 12.cxd5 exd5 13.Bd3 Nf6 14.O-O a5 15.a3 a4
16.Qc2 Be6 17.Nd2 Nd7 18.f4 Nf6 19.Nf3 Bc8 20.Ne5 Ng4 21.Rf3 Re8 22.h3 Nf6
23.g4 Ne4 24.Bxe4 dxe4 25.Rg3 f6 26.Ng6 Qd6 27.Rg2 Be6 28.f5 Bf7 29.Nf4 Ra5
30.h4 Rb5 31.Qxa4 Bb3 32.Qa7 Qf8 33.Ng6 Ra8 34.Nxf8 Rxa7 35.Ng6 Bf7 36.Rc3 Bxg6
37.fxg6 h5 38.gxh5 Rxh5 39.Rg4 f5 40.Rc5 Ra8 41.Rxe4  1-0

[Event "34th Olympiad"]
[Site "Istanbul TUR"]
[Date "2000.11.12"]
[Round "14"]
[White "Nielsen,PH"]
[Black "Georgiev,Ki"]
[Result "1-0"]
[WhiteElo "2578"]
[BlackElo "2661"]

1.d4 Nf6 2.Nf3 d5 3.c4 c6 4.Nc3 e6 5.Bg5 h6 6.Bh4 dxc4 7.e4 g5 8.Bg3 b5 9.Be2 Bb7
10.h4 g4 11.Ne5 h5 12.O-O Nfd7 13.Nxf7 Kxf7 14.f3 Kg8 15.fxg4 e5 16.g5 exd4
17.Bxh5 Rh7 18.Bg6 Qe7 19.Bd6 Qg7 20.Bxh7+ Qxh7 21.Qg4 Qg6 22.Bxf8 Ne5 23.Qh3 Nbd7
24.Be7 Re8 25.h5 Qg7 26.Bf6 Nxf6 27.gxf6 Qf7 28.Rf5 Kh7 29.Qg3 dxc3 30.Rxe5 cxb2
31.Rf1 Rxe5 32.Qxe5 Bc8 33.Qxb2 Be6 34.Qe5 b4 35.Rf3 c3 36.Rg3 c2 37.Qf4 c1=Q+
38.Qxc1 Qxh5 39.Rg5 Qh4 40.g3 Qh3 41.Rg7+ Kh8 42.Qg5  1-0

[Event "Open"]
[Site "Cappelle la Grande FRA"]
[Date "2001.02.24"]
[Round "1"]
[White "Kernazhitsky,L"]
[Black "Nielsen,PH"]
[Result "1/2-1/2"]
[WhiteElo "2367"]
[BlackElo "2585"]

1.e4 c5 2.Nf3 d6 3.c3 Nf6 4.Be2 Bd7 5.Qc2 Qc7 6.O-O g6 7.d4 cxd4 8.Nxd4 Bg7
9.Be3 d5 10.Nb5 Bxb5 11.Bxb5+ Nc6 12.Nd2 Ng4 13.Nf3 Nxe3 14.fxe3 a6 15.exd5 axb5
16.dxc6 bxc6 17.a4 O-O 18.axb5 cxb5 19.Qe4 Rab8 20.Nd4 Rb6 21.Ra8 Bf6 22.Rfa1 Rxa8
23.Rxa8+ Kg7 24.Qd5 b4 25.Nb5 Qe5 26.Qxe5 Bxe5 27.Ra5 bxc3 28.bxc3 f6 29.c4 Rc6
30.Ra4 h5 31.g3 Kf7 32.Kg2 g5 33.h3 g4 34.hxg4 hxg4 35.Nd4 Rc7 36.Kf2 Kg6
37.Ne6 Rb7 38.Nf4+ Kf5 39.Nd3 Bc7 40.e4+ Kg6 41.c5 Rb3 42.Rd4 Kf7 43.Rd7 Ke6
44.Rd5 Rc3 45.Nf4+ Kf7 46.Rh5 Be5 47.Rh7+ Ke8 48.Nd5 Rxc5 49.Rxe7+ Kf8 50.Rb7 Rc2+
51.Kf1 Bxg3 52.Ne3 Rf2+ 53.Kg1 Rf4 54.Kg2 Bh4 55.Rb8+ Kf7 56.Rb7+ Ke8 57.Rg7 Bg5
58.Nd5 Rxe4 59.Rxg5 fxg5  1/2-1/2

[Event "Open"]
[Site "Cappelle la Grande FRA"]
[Date "2001.02.25"]
[Round "2"]
[White "Nielsen,PH"]
[Black "Kaabi,M"]
[Result "1-0"]
[WhiteElo "2585"]
[BlackElo "2371"]

1.d4 Nf6 2.Nf3 g6 3.c4 d6 4.Nc3 Bf5 5.g3 Bg7 6.Bg2 O-O 7.O-O Nc6 8.d5 Na5
9.Nd2 c5 10.e4 Bg4 11.Qc2 Qd7 12.b3 h5 13.Bb2 a6 14.f4 h4 15.e5 Bf5 16.Nce4 Nxe4
17.Nxe4 hxg3 18.hxg3 Qc7 19.g4 Bxe4 20.Qxe4 dxe5 21.fxe5 Rae8 22.Rad1 e6
23.d6 Qb6 24.g5 Nc6 25.Rd3 Rd8 26.Rh3 Rd7 27.Qh4  1-0

[Event "Open"]
[Site "Cappelle la Grande FRA"]
[Date "2001.02.25"]
[Round "3"]
[White "Klimov,S"]
[Black "Nielsen,PH"]
[Result "1/2-1/2"]
[WhiteElo "2438"]
[BlackElo "2585"]

1.e4 e5 2.Nf3 Nf6 3.Nxe5 d6 4.Nf3 Nxe4 5.d4 d5 6.Bd3 Nc6 7.O-O Be7 8.c4 Nb4
9.Be2 O-O 10.Nc3 Bf5 11.a3 Nxc3 12.bxc3 Nc6 13.cxd5 Qxd5 14.Be3 Rfd8 15.Qa4 Bf6
16.Rad1 Qa5 17.Qb3 Qb6 18.Qa4 Ne7 19.c4 c6 20.d5 c5 21.Bf4 Ng6 22.Bg3 Bd7
23.Qc2 Qa5 24.Rb1 b6 25.h4 Re8 26.h5 Nf8 27.Bh4 Qc3 28.Qxc3 Bxc3 29.Rb3 Rxe2
30.Rxc3 h6 31.Re1 Rxe1+ 32.Nxe1 Re8 33.Nd3 Bf5 34.Bg3 Nd7 35.Nf4 g5 36.hxg6 fxg6
37.a4 g5 38.Nd3 Re2 39.a5 h5 40.axb6 axb6 41.Bc7 h4 42.Bd8 Bxd3 43.Rxd3 Re1+
44.Kh2 Ne5 45.Rd2 Ng4+ 46.Kh3 Ne5 47.Kh2 Ng4+ 48.Kh3 Ne5  1/2-1/2

[Event "ECC"]
[Site "Panormo GRE"]
[Date "2001.09.23"]
[Round "1"]
[White "Karttunen,M"]
[Black "Nielsen,PH"]
[Result "1/2-1/2"]
[WhiteElo "2466"]
[BlackElo "2593"]

1.d4 d5 2.c4 e6 3.Nf3 c6 4.Nbd2 f5 5.g3 Nf6 6.Ne5 Bd6 7.Nd3 O-O 8.Bg2 b6
9.b4 a5 10.bxa5 Rxa5 11.O-O Nbd7 12.a4 Qe7 13.Nb3 Ra7 14.cxd5 cxd5 15.a5 Bb7
16.Bf4 Bxf4 17.Nxf4 Rfa8 18.Rb1 bxa5 19.Nxa5 Rxa5 20.Rxb7 R5a7 21.Qb3 Rxb7
22.Qxb7 Rb8 23.Qa7 Qd6 24.Rc1 Qb6 25.Qa4 Nf8 26.Nd3 Qb7 27.Bf3 Rc8 28.Nc5 Qa8
29.Qd1 N6d7 30.Ra1 Qc6 31.Nd3 Qd6 32.e3  1/2-1/2